NBA Top 10 Perimeter Defenders All-Time - Statistics

General Stats
  • This quiz has been taken 436 times
  • The average score is 5 of 10
Answer Stats
Answer % Correct
Michael Jordan
93%
Gary Payton
83%
Scottie Pippen
74%
LeBron James
69%
Dennis Johnson
40%
Alvin Robertson
29%
Sidney Moncrief
29%
Joe Dumars
26%
Ron Artest
25%
Michael Cooper
22%
No matching quizzes found
Score Distribution
Percent of People with Each Score
Percentile by Number Answered
Your Score History
You have not taken this quiz